000 02143nam a2200325 i 4500
001 768714001
003 CO-MdFUSB
005 20230928172843.0
007 ta
008 230921t19882003us ||||g |||| 00| 0 spa d
020 _a1576582876
040 _aCO-MdFUSB
_bspa
_cCO-MdFUSB
_dCO-MdFUSBC
_erda
041 _aspa
_heng
082 _223
_a248.4
_bC973
100 _aCunningham, Loren,
_eautor
240 _aMaking Jesus Lord: the dinamic power of laying down your rights
245 _aComo triunfar con Jesús :
_blos secretos de la victoria espiritual
_c/ Loren Cunningham
264 1 _aEstados Unidos :
_bJucum,
_c[1988]
264 4 _c© 2003
300 _a143 páginas
_c; 21 cm
336 _2rdacontent
_atexto
_btxt
337 _2rdamedia
_asin mediación
_bn
338 _2rdacarrier
_avolumen
_bnc
505 _aCapítulo I. ¿hacia dónde Señor? -- Capítulo II. caminar descalzos -- Capítulo III. toda buena dádiva y todo don perfecto -- Capítulo IV. ¿Dios todopoderoso o dinero? -- Capítulo V. soy quien soy -- Capítulo VI. sin reputación -- Capítulo VII. tengo derecho a enojarme -- Capítulo VIII. la victoria de los humildes -- Capitulo IX. victoria total.
520 _aLa entrega de tus derechos… …Una noción foránea en nuestra cultura, un concepto diametralmente opuesto a la naturaleza humana. Vivimos en un mundo en el cual la protección y exaltación de los derechos individuales se ha convertido en una obsesión. Los cristianos concedemos gran valor a los derechos de la persona. En consecuencia, no existe mayor acot de fe y adoración que el depositar estos derechos voluntariamente a los pies de Aquel que nos ha precedido, !el mismo Jesús! Basado en sus propias experiencias y en las de otros cristianos alrededor del mundo, Loren Cunningham detalla los pasos necesarios para alcanzar una vida de libertad, gozo e intimidad con Dios. Como Triunfar Con Jesús muestra la fuerza dinámica a la que tienen acceso cuantos están preparados para embarcarse en esta aventura de fe.
563 _aRústico
650 0 _919
_aVida cristiana
942 _cBK
945 _asor1564
999 _c69020
_d69020